Word Ladder: Austen's Novel Quiz Stats

 Plays Quiz Updated May 17, 2016

Challenge
Share
Tweet
Embed
Score 0/21 Timer 02:00
5 Plays Today
Hint 3-Letter Word % Correct
AridDRY
96.6%
Rapper Andre Young: Dr. ___DRE
96.2%
'The Raven' author: Edgar Allan ___POE
95.8%
● Open with a crowbar ●● PRY ●
95.6%
Church benchPEW
92.4%
To perch on a chairSIT
90.3%
Strange, peculiarODD
89.9%
● Connective conjunction ●● AND ●
89.1%
At least 6 games in tennisSET
89.1%
'Bro' counterpartSIS
88.7%
Sound of a heavy blowPOW
88.4%
Hint 3-Letter Word % Correct
Lyric poemODE
87.6%
Include with somethingADD
86.7%
3-letter combo indicating 'before'● PRE ●
84.6%
Fury, outrageIRE
81.7%
● To insult someone (slang) ● ● DIS ●
78.4%
3rd person plural of 'to be'ARE
77.9%
● Binary chemical compound suffix ●● IDE ●
76.3%
'One' in GlasgowANE
73.6%
● Descendant of Isaac ●● JEW ●
70.7%
High pressure streamJET
70.2%

Today's Daily Dose

You're not logged in!

Compare scores with friends on all Sporcle quizzes.
OR
Log In

You Might Also Like...

Show Comments

Extras

Top Quizzes Today


Score Distribution

Your Account Isn't Verified!

In order to create a playlist on Sporcle, you need to verify the email address you used during registration. Go to your Sporcle Settings to finish the process.

Report this User

Report this user for behavior that violates our Community Guidelines.

Details: